[Event "Jundiai op 4th"]
[Site "Jundiai"]
[Date "2023.07.23"]
[Round "5"]
[White "Piffer, Uriel Engel"]
[Black "Bosniac, Roberto"]
[Result "0-1"]
[WhiteElo "1800"]
[BlackElo "1436"]
[PlyCount "122"]
[EventDate "2023.07.21"]
[EventType "swiss"]
[EventRounds "5"]
[EventCountry "BRA"]
[SourceTitle "CBM 215 Extra"]
[Source "ChessBase"]
[SourceDate "2023.09.30"]
[SourceVersion "1"]
[SourceVersionDate "2023.09.30"]
[SourceQuality "1"]

1. e4 e5 2. Nf3 Nc6 3. Bb5 a6 4. Ba4 Nf6 5. 0-0 b5 6. Bb3 d6 7. h3 Be7 8. c3 Be6 9. Bc2 0-0 10. d4 exd4 11. cxd4 Nb4 12. Nc3 Nxc2 13. Qxc2 Rc8 14. Ng5 h6 15. Nxe6 fxe6 16. Qb3 Qd7 17. Be3 c6 18. e5 Nd5 19. Nxd5 exd5 20. a4 dxe5 21. axb5 exd4 22. bxc6 Rxc6 23. Bxd4 Bf6 24. Be3 Kh8 25. Rfd1 d4 26. Qb4 Rd8 27. Rd3 Rd6 28. Bf4 Rd5 29. Rxa6 Qf5 30. Rf3 Qb1+ 31. Kh2 d3 32. Bxh6 Be5+ 33. g3 d2 34. Bxd2 Rxd2 35. Qh4+ Kg8 36. Qe7 Rd1 37. Qf7+ Kh7 38. Qf5+ Qxf5 39. Rxf5 Bxb2 40. g4 Rf1 41. g5 Rdd1 42. g6+ Kh6 43. Kg3 Rg1+ 44. Kf4 Rxg6 45. Ra8 Kh7 46. Rh5+ Rh6 47. Rxh6+ Kxh6 48. Ra6+ g6 49. f3 Bc1+ 50. Kg3 Kh5 51. Ra5+ g5 52. h4 Bf4+ 53. Kh3 Rh1+ 54. Kg2 Rxh4 55. Ra4 Rh2+ 56. Kg1 Rb2 57. Ra8 Kh4 58. Ra3 Kg3 59. Kf1 Rf2+ 60. Kg1 Rxf3 61. Ra4 Be3+ 0-1

[Event "Jundiai op 4th"]
[Site "Jundiai"]
[Date "2023.07.22"]
[Round "2"]
[White "Bosniac, Roberto"]
[Black "Ruvieri, Valter"]
[Result "1-0"]
[WhiteElo "1436"]
[BlackElo "1742"]
[PlyCount "43"]
[EventDate "2023.07.21"]
[EventType "swiss"]
[EventRounds "5"]
[EventCountry "BRA"]
[SourceTitle "CBM 215 Extra"]
[Source "ChessBase"]
[SourceDate "2023.09.30"]
[SourceVersion "1"]
[SourceVersionDate "2023.09.30"]
[SourceQuality "1"]

1. e4 e5 2. Nf3 d6 3. Bc4 Be7 4. d4 Nf6 5. dxe5 Nxe4 6. Bxf7+ Kxf7 7. Qd5+ Be6 8. Qxe4 d5 9. Qf4+ Kg8 10. Qg3 Nd7 11. Nd4 Nf8 12. Bh6 Bf6 13. exf6 Qxf6 14. Be3 Re8 15. 0-0 c5 16. Nxe6 Nxe6 17. Nd2 Qxb2 18. Rab1 Qc3 19. Rxb7 d4 20. Ne4 Qa5 21. Nf6+ Kf8 22. Qd6+ 1-0